000 00465nam a22001817a 4500
003 NUST - PNEC
005 20170116180924.0
008 150905b xxu||||| |||| 00| 0 eng d
020 _a-
040 _cLIBRARY
082 _a621.3 GRA
100 _97944
_aGray, Alexander
245 _aPrinciples & practice of electrical engineering
_cAlexander Gray
250 _a8th ed.
260 _cc.1962
650 _97949
_aElectrical Engineering
_xEE
942 _2ddc
_cBK
999 _c65723
_d65723